Answers with White - Statistics

General Stats
  • This quiz has been taken 25 times
  • The average score is 10 of 20
Answer Stats
Hint Answer % Correct
2) Marginal inlet on the northwestcoast of Russia off the Barents Sea White Sea
100%
16) She had 7 dwarves Snow White
95%
9) The US president lives here White House
95%
17) "im dreamin' of a _____ _______, just likethe ones I used to know" White Christmas
80%
1) A strong blizzard with conditionsthat make it difficult to see Whiteout
75%
8) Jaws the shark was one of these Great White
65%
3) Dover, UK is famous for these White Cliffs
65%
10) People often enjoy this as backgroundsounds to relax/distract White Noise
65%
20) 1992 basketball comedy with Woody Harrelsonand Wesley Snipes White Men Cant Jump
55%
4) The act of covering up/downplayingcrimes or scandals in history Whitewash
55%
6) Slang for a man who tries to rush to awomans defense in exchange for some favor White Knight
45%
18) Someone who looks sickly/unnaturally paleis as _____ as a _____ White as a ghost
40%
12) Foamy crests of waves torn apart by wind,often in rough seas Whitecaps
40%
19) 2004 comedy starring the Wayans duo White Chicks
40%
14) City in Westchester county, NY White Plains
30%
7) Mount Washington is the highest pointin this New Hampshire range White Mountains
25%
15) Resort city in NW Montana near GlacierNational Park Whitefish
15%
5) What Tom Sawyer tricked his friendsinto painting White Picket Fence
15%
13) Very fast moving river flow due to a gradient change Whitewater Rapids
15%
11) Type of European aquatic flower White Water Lilly
5%
No matching quizzes found
Score Distribution
Percent of People with Each Score
Percentile by Number Answered
Your Score History
You have not taken this quiz